000 00470nam a2200181Ia 4500
001 7662
005 20260306160511.0
008 260306t2006||||xx |||||||||||||| ||spa||
041 _aESP
082 _a353.5886
_bA69
100 _aArea Metropolitana del Valle de Aburrá
_eAUT
245 0 _aHacia una región de ciudades:
_bacuerdo metropolitano
260 _c2006
300 _a258 páginas :
_c23 cm.
650 _aGEN
654 _aCAN
942 _cLIB
_dJUS
_fJUS
_2ddc
_n
999 _c7662
_d7662